| 000 | 00365nam a22001577a 4500 | ||
|---|---|---|---|
| 003 | OSt | ||
| 020 | _a0130260363 | ||
| 040 | _c0 | ||
| 082 |
_222 _a005.132 |
||
| 100 | _aChun, Wesley, J. | ||
| 245 | _aCore phthon programming / | ||
| 250 | _aNA | ||
| 260 |
_aSan Francisco, _bLinux Journal Press, _cc2001. |
||
| 300 |
_axxv,771 p. ; _bill. ; _c24 cm |
||
| 942 |
_2ddc _cIT |
||
| 999 |
_c4370 _d4370 |
||